Ausnahmezustand (Record no. 133105)

MARC details
000 -LEADER
fixed length control field 00338nam a2200145Ia 4500
008 - FIXED-LENGTH DATA ELEMENTS--GENERAL INFORMATION
fixed length control field 230917s9999||||xx |||||||||||||| ||und||
040 ## - CATALOGING SOURCE
-- 144266
Original cataloging agency VIVEKANANDA LIBRARY
041 ## - Language
-- English
082 ## - DDC NUMBER
Classification number 870 V59A
100 ## - MAIN ENTRY--PERSONAL NAME
Personal name Verma, Nismal
245 #0 - TITLE STATEMENT
Title Ausnahmezustand
260 ## - PUBLICATION, DISTRIBUTION, ETC. (IMPRINT)
Place of publication, distribution, etc heidelberg
Name of publisher, distributor, etc Draupadi verlag
300 ## - PHYSICAL DESCRIPTION
Pages 154p. p.
942 ## - ADDED ENTRY ELEMENTS (KOHA)
Koha item type Books
Holdings
Withdrawn status Lost status Damaged status Not for loan Location (home branch) Sublocation or collection (holding branch) Date acquired Koha issues (times borrowed) Koha full call number Accession No. Koha date last seen Koha item type
        VIVEKANANDA LIBRARY VIVEKANANDA LIBRARY 11/03/2010   870 V59A 232249 17/09/2023 Books
© Designed and Maintained by Vivekananda Library, MDU Rohtak